000 00736cam a2200193 i 4500
005 20251123093851.0
008 250721s1996 JO gr 000 0 ara d
082 1 4 _a211.7
_bد ا ي
100 1 _aالداية، إبراهيم طه سليم
_eمؤلف.
245 1 2 _aالأصول والفرش في رواية ورش /
_cتأليف إبراهيم طه سليم الداية.
264 3 1 _aعمان :
_b[غير معرف]،
_c1996.
300 _a276 صفحة.
490 0 _aتقريب القراءت القرآنية ؛
_vرقم 3.
650 1 7 _aالقرآن الكريم.
650 1 7 _aقراءات القرآن السبع.
830 0 _aتقريب القراءت القرآنية.
942 _2ddc
_cBK
999 _c5492
_d5492